logo

Bir Sreshtho Munshi Abdur Rouf Library
Jhenaidah Cadet College

সোশ্যাল ইন্টেলিজেন্স : (Record no. 12569)

MARC details
000 -LEADER
fixed length control field 00970nam a2200241 a 4500
001 - CONTROL NUMBER
JCCL Control Number 12569
003 - CONTROL NUMBER IDENTIFIER
JCCL marc code BD-JhCC
005 - DATE AND TIME OF LATEST TRANSACTION
control field 20220910094158.0
008 - FIXED-LENGTH DATA ELEMENTS--GENERAL INFORMATION
fixed length control field 220910s2021 bg |||| |||| 000 0 ban d
020 ## - INTERNATIONAL STANDARD BOOK NUMBER
International Standard Book Number 9789849540809
035 ## - SYSTEM CONTROL NUMBER
system control number (BD-JhCC)12569
040 ## - CATALOGING SOURCE
Original cataloging agency BD-JhCC
Modifying agency BD-JhCC
041 ## - LANGUAGE CODE
Language code of Book Bangla
082 ## - DEWEY DECIMAL CLASSIFICATION NUMBER
Classification number 158.2
Author mark and Year GOL 2021
100 ## - MAIN ENTRY--PERSONAL NAME
Personal name গোলম্যান, ড্যানিয়েল
245 ## - TITLE STATEMENT
Title সোশ্যাল ইন্টেলিজেন্স :
Remainder of title দ্য নিউ সায়েন্স অব হিউম্যান রিলেশনশীপ /
Statement of responsibility, etc ড্যানিয়েল গোলম্যান; অনিকা নাওয়ার (অনু.)
260 ## - PUBLICATION, DISTRIBUTION, ETC. (IMPRINT)
Place of publication, distribution, etc ঢাকা :
Name of publisher, distributor, etc শব্দশৈলী,
Date of publication, distribution, etc ২০২১।
300 ## - PHYSICAL DESCRIPTION
Pagination ৪১৫ পৃ. :
Dimensions ২২ সেমি.
650 ## - SUBJECT ADDED ENTRY--TOPICAL TERM
Topical term or geographic name as entry element Social intelligence
650 ## - SUBJECT ADDED ENTRY--TOPICAL TERM
Topical term or geographic name as entry element Social skills
700 ## - ADDED ENTRY--PERSONAL NAME
Personal name নাওয়ার, অনিকা
942 ## - ADDED ENTRY ELEMENTS (KOHA)
Source of classification or shelving scheme Dewey Decimal Classification
Koha item type Books
Holdings
Source of classification or shelving scheme Damaged status Not for loan Home library Current library Shelving location Date of accession Cost, normal purchase price Total Checkouts Full call number Barcode Date last seen Date checked out Copy number Koha item type
Dewey Decimal Classification     JCC Rouf Library JCC Rouf Library General Stacks 09/10/2022 396.00 3 158.2 GOL 2021 17434 02/29/2024 02/01/2024 C-1 Books

JCC Library | Contacts | JCC Home

Last Update on 23 September 2017
Copyright @ 2017-2020 JCC Rouf Library
Rouf Library, Jhenidah Cadet College (JCC), Bangladesh